Nghiên cứu tính chất hoá lý của xúc tác trên cơ sở Ru ứng dụng cho pin nhiên liệu màng trao đổi Proton (PEMFC) : Luận văn thạc sĩ chuyên ngành Hóa lý thuyết và Hóa lý

Nghiên cứu tính chất hóa lý của xúc tác trên cơ sở Ru ứng dụng pin nhiên liệu màng trao đổi proton (PEMFC) nhằm tổng hợp xúc tác nano trên cơ sở Pt Ru và đánh giá về cấu trúc, tính chất hóa lý và khảo sát điều kiện điện hóa của xúc tác....

Disgrifiad llawn

Wedi'i Gadw mewn:
Manylion Llyfryddiaeth
Prif Awdur: Duơng, Ngọc Phúc
Fformat: Llyfr
Iaith:Undetermined
Cyhoeddwyd: Cần Thơ Trường Đại học Cần Thơ 2012
Pynciau:
Tagiau: Ychwanegu Tag
Dim Tagiau, Byddwch y cyntaf i dagio'r cofnod hwn!
Thư viện lưu trữ: Trung tâm Học liệu Trường Đại học Cần Thơ
LEADER 01254nam a2200217Ia 4500
001 CTU_177889
008 210402s9999 xx 000 0 und d
082 |a 621.312423 
082 |b Ph506 
088 |a 60440119 
100 |a Duơng, Ngọc Phúc 
245 0 |a Nghiên cứu tính chất hoá lý của xúc tác trên cơ sở Ru ứng dụng cho pin nhiên liệu màng trao đổi Proton (PEMFC) : 
245 0 |b Luận văn thạc sĩ chuyên ngành Hóa lý thuyết và Hóa lý 
245 0 |c Dương Ngọc Phúc ; Trần Văn Mẫn (Hướng dẫn khoa học) 
260 |a Cần Thơ 
260 |b Trường Đại học Cần Thơ 
260 |c 2012 
520 |a Nghiên cứu tính chất hóa lý của xúc tác trên cơ sở Ru ứng dụng pin nhiên liệu màng trao đổi proton (PEMFC) nhằm tổng hợp xúc tác nano trên cơ sở Pt Ru và đánh giá về cấu trúc, tính chất hóa lý và khảo sát điều kiện điện hóa của xúc tác. 
650 |a Fuel cell industry,Công nghệ pin nhiên liệu 
904 |i Hải 
980 |a Trung tâm Học liệu Trường Đại học Cần Thơ